Statistics for FC 24 TOTW 18

Click here to take the quiz!

General Stats

  • This quiz has been taken 2 times
  • The average score is 6 of 18

Answer Stats

ratposclubplayer% Correct
TOTW88GKParis Saint-GermainGianluigi Donnarumma
100%
TOTW84RMAthletic BilbaoÁlex Berenguer
50%
TOTW85GKPortoDiogo Costa
50%
TOTW87CMBayer LeverkusenExequiel Palacios
50%
TOTW87LWBInter MilanFederico Dimarco
50%
TOTW84CBEvertonJames Tarkowski
50%
TOTW83CMLas PalmasKirian Rodríguez
50%
TOTW84STPSV EindhovenLuuk De Jong
50%
TOTW86STAC MilanOlivier Giroud
50%
TOTW83STManchester UnitedRasmus Højlund
50%
TOTW83RWSouthamptonAdam Armstrong
0%
TOTW86CBNapoliAmir Rrahmani
0%
TOTW83LBLe HavreChristopher Opéri
0%
TOTW86STFenerbahçeEdin Džeko
0%
TOTW85CAMFC Fleury FéminineEwelina Kamczyk
0%
TOTW83STFC TwenteManfred Ugalde
0%
TOTW83CMFatih KaragümrükMarcus Rohdén
0%
TOTW85CMSportingPedro Gonçalves
0%

Score Distribution

Percentile by Number Answered

Percent of People with Each Score

Your Score History

You have not taken this quiz